| 000 | 02209cam a22004934i 4500 | ||
|---|---|---|---|
| 003 | PE-LiUPU | ||
| 005 | 20250731173353.0 | ||
| 008 | 150706s2009 pe rb 000 0 spa d | ||
| 035 | _a(Sirsi) a48807 | ||
| 040 |
_aPE-LiUPU _bspa _cPE-LiUPU _erda |
||
| 049 | _aPRUA | ||
| 082 | 0 | 4 |
_a268.0886372301 _bL97 _221 |
| 100 | 1 |
_aLuque, Jordán, _eautor. |
|
| 245 | 1 | 0 |
_aAntropología bíblica : _bmanual 2009 / _cJordán Luque y Álvaro Rodríguez. |
| 264 | 1 |
_a[Lima] : _bEditorial Imprenta Unión, _c2009]. |
|
| 300 |
_a73 páginas ; _c30 centímetros |
||
| 336 |
_atext _2rdacontent |
||
| 337 |
_aunmediated _2rdamedia |
||
| 338 |
_avolume _2rdacarrier |
||
| 500 | _aManual de clase 2009. | ||
| 504 | _aIncluye bibliografía. | ||
| 505 | 0 | _aGeneralidades y perspectivas filosóficas de la antropología -- Pespectivas antropológicas contemporáneas y teorías sobre el origen del hombre -- El origen del hombre y la naturaleza del ser humano desde la perspectiva bíblica -- El ser humano: imagen de Dios, interdependencia y complementariedad de género humano.El origen del mal y el pecado,la muerte y su naturaleza,la inmortalidad condicional del alma,el plan de salvación,la libertad versus la esclavitud -- lecturas escogidas. | |
| 526 | _aSEG42 | ||
| 526 | _aSEG41 | ||
| 526 | _aSEG40 | ||
| 526 | _aSEG39 | ||
| 526 | _aP94 | ||
| 526 | _aP87 | ||
| 526 | _aP86 | ||
| 526 | _aP85 | ||
| 526 | _aP77 | ||
| 526 | _aP76 | ||
| 526 | _aP35 | ||
| 650 | 1 | 4 |
_aAntropología bíblica _xEstudio y enseñanza _vManuales. |
| 700 | 1 |
_aRodríguez, Alavaro, _eautor. |
|
| 710 | 2 | _aUniversidad Peruana Unión. Facultad de Teología. Departamento de Educación Religiosa | |
| 910 |
_bjv _cjvm _d20100721 |
||
| 942 |
_2ddc _cBOOK |
||
| 949 |
_a268.0886372301 L97 _wDEWEY _c1 _i61970 _lCCODEBUL1 _mBUL _p03.00 _r0 _sY _tLIBRO _u2015-07-06 _xBIBLIOTECA _zUNKNOWN _o.STAFF. Colección General |
||
| 994 |
_aC0 _bPEPRU |
||
| 596 | _a1 | ||
| 999 |
_a268.0886372301 L97 _wDEWEY _c51085 _i61970 _d51085 _e2019-7-11 _f2021-11-10 _g5 _lCCODEBUL1 _mBUL _n5 _p3.00 _q1 _r0 _sY _tBOOK _u2015-7-6 _xTEOLOGIA _PP35 _0COMPRA _o.STAFF. Colección Teología |
||
| 980 |
_81 _gALBERTO SANCHEZ Responsable de Automatización |
||